000 00746nam a2200205 a 4500
008 120416s2003 ||||||||||||||||| || u
020 _a0415299985
050 _aQH 541.5.M27 Man
100 _aGietlson, I. I
245 1 0 _aManmade closed ecological systems
_cI.I. Gitelson [and others]
260 _aLandon:
_bTaylor & Francis
_c2003
300 _ax, 402p. : ill.
350 _a0.00
490 _aEarth Space Institute book series
650 _aECOLOGY
650 _aCLOSED ECOLOGICAL SYSTEMS
700 _aMacElroy, R. D. (Robert David), 1939-
700 _aLisovsky, G. M
995 _D0.00
_FCBU-MAIN LIBRARY (Kitwe)
_H1
_I24.95
_M1
_UAVAILABLE
_ZMain Library Open Access Collection
999 _c50260
_d50260